[Event "HUN-chT2 Asztalos 1617"]
[Site "Hungary"]
[Date "2016.11.13"]
[Round "4.8"]
[White "Illes, Attila"]
[Black "Bencze, Zsolt"]
[Result "1/2-1/2"]
[WhiteElo "1973"]
[BlackElo "1842"]
[PlyCount "76"]
[EventDate "2016.09.25"]
[EventType "team-tourn"]
[EventRounds "11"]
[EventCountry "HUN"]
[SourceTitle "EXT 2021"]
[Source "ChessBase"]
[SourceDate "2020.10.23"]
[SourceVersion "1"]
[SourceVersionDate "2020.10.23"]
[SourceQuality "1"]
[WhiteTeam "Kaposvar Bastya"]
[BlackTeam "Pecs Karmin"]
[WhiteTeamCountry "HUN"]
[BlackTeamCountry "HUN"]

1. c4 e5 2. Nc3 Bc5 3. e3 Nc6 4. g3 d6 5. Bg2 Bd7 6. Nge2 Nf6 7. 0-0 0-0 8. b3 Rb8 9. Bb2 Re8 10. d4 exd4 11. Nxd4 Nxd4 12. exd4 Bb6 13. Qd2 c5 14. Nd5 Nxd5 15. Bxd5 Bc6 16. Bxc6 bxc6 17. d5 Ba5 18. Qd3 cxd5 19. Qxd5 Qe7 20. Rab1 Qe6 21. Qg5 f6 22. Qf4 Rbd8 23. Rfd1 d5 24. cxd5 Rxd5 25. Rxd5 Qxd5 26. Qa4 Qe4 27. Qxe4 Rxe4 28. Rc1 Bb6 29. Rc2 Kf7 30. Kf1 h5 31. Re2 Re6 32. Rxe6 Kxe6 33. Ke2 g6 34. f3 f5 35. h3 Kd5 36. Kd3 Bc7 37. g4 Bf4 38. Bg7 Bg3 1/2-1/2